[Event "Moscow 10"]
[Site "Moscow"]
[Date "2009.10.30"]
[Round "13"]
[White "Babikov, Ivan"]
[Black "Nesterov, Yakov"]
[Result "1-0"]
[WhiteElo "2333"]
[BlackElo "2485"]
[PlyCount "101"]
[EventDate "2009.10.17"]
[EventType "tourn"]
[EventRounds "13"]
[EventCountry "RUS"]
[EventCategory "3"]
[SourceTitle "EXT 2010"]
[Source "ChessBase"]
[SourceDate "2010.11.25"]
[SourceVersion "1"]
[SourceVersionDate "2010.11.25"]
[SourceQuality "1"]

1. e4 c6 2. d4 d5 3. exd5 cxd5 4. c4 Nf6 5. Nc3 e6 6. Nf3 Bb4 7. Bd3 dxc4 8. Bxc4 0-0 9. 0-0 b6 10. Bg5 Bb7 11. Rc1 Nbd7 12. a3 Bxc3 13. Rxc3 Qb8 14. Re1 Qd6 15. Rce3 Bd5 16. Bxd5 Nxd5 17. Rd3 Rac8 18. Bd2 Rfe8 19. Ne5 f6 20. Ng4 Nf8 21. h4 Ng6 22. h5 Nh4 23. Nh6+ Kf8 24. Qg4 Nxg2 25. Rg3 Qxg3 26. Qxg3 Nxe1 27. Ng4 Nc2 28. h6 Nxd4 29. Bb4+ Nxb4 30. Qd6+ Kf7 31. Qd7+ Re7 32. Qxc8 Nd5 33. Qh8 Kg6 34. Kf1 Nf5 35. hxg7 Nxg7 36. Qb8 h5 37. Nh2 Rc7 38. Nf3 Kf5 39. Nd4+ Kg6 40. Ne2 Re7 41. Qd6 Nf5 42. Qd8 Kg7 43. Kg2 h4 44. Kh3 Rc7 45. Qe8 Rc2 46. Qxe6 Nfe7 47. Kxh4 Rxb2 48. Nf4 Nxf4 49. Qxe7+ Kg8 50. Qd8+ Kg7 51. Qc7+ 1-0

[Event "Moscow 10"]
[Site "Moscow"]
[Date "2009.10.20"]
[Round "4"]
[White "Ambartsumova, Karina"]
[Black "Nesterov, Yakov"]
[Result "0-1"]
[WhiteElo "2274"]
[BlackElo "2485"]
[PlyCount "50"]
[EventDate "2009.10.17"]
[EventType "tourn"]
[EventRounds "13"]
[EventCountry "RUS"]
[EventCategory "3"]
[SourceTitle "EXT 2010"]
[Source "ChessBase"]
[SourceDate "2010.11.25"]
[SourceVersion "1"]
[SourceVersionDate "2010.11.25"]
[SourceQuality "1"]

1. e4 c6 2. d4 d5 3. e5 c5 4. c3 Nc6 5. Nf3 Bg4 6. Be2 e6 7. 0-0 Bxf3 8. Bxf3 cxd4 9. cxd4 Qb6 10. Be3 Qxb2 11. Nd2 Bb4 12. Nb3 Qa3 13. Be2 a6 14. Qd3 Nge7 15. Bc1 Qa4 16. Bd1 Qb5 17. Qh3 Nf5 18. Bb2 Qb6 19. g4 Nfxd4 20. Qe3 Bc5 21. Nxc5 Qxb2 22. Ba4 b5 23. Rfb1 Qc3 24. Nb7 Qxe3 25. fxe3 Nf3+ 0-1

[Event "Moscow 10"]
[Site "Moscow"]
[Date "2009.10.18"]
[Round "2"]
[White "Larionov, Sergey Aleksandrovi"]
[Black "Nesterov, Yakov"]
[Result "0-1"]
[WhiteElo "2169"]
[BlackElo "2485"]
[PlyCount "50"]
[EventDate "2009.10.17"]
[EventType "tourn"]
[EventRounds "13"]
[EventCountry "RUS"]
[EventCategory "3"]
[SourceTitle "EXT 2010"]
[Source "ChessBase"]
[SourceDate "2010.11.25"]
[SourceVersion "1"]
[SourceVersionDate "2010.11.25"]
[SourceQuality "1"]

1. d4 g6 2. e4 Bg7 3. Be3 c5 4. Nc3 cxd4 5. Bxd4 Nf6 6. e5 Nh5 7. Bb5 Nc6 8. Bxc6 dxc6 9. Nge2 Qc7 10. f4 0-0 11. 0-0 Rd8 12. Qe1 c5 13. Be3 f6 14. Qh4 fxe5 15. f5 Bf6 16. Qc4+ Kg7 17. fxg6 hxg6 18. g4 Nf4 19. Nxf4 exf4 20. Rxf4 g5 21. Rf2 Qe5 22. Re1 Rd4 23. Bxd4 Qxe1+ 24. Rf1 Bxd4+ 25. Qxd4+ cxd4 0-1

[Event "Moscow5"]
[Site "Moscow"]
[Date "1995.??.??"]
[Round "4"]
[White "Chekhov, Valery A"]
[Black "Nesterov, Yakov"]
[Result "1-0"]
[WhiteElo "2500"]
[BlackElo "2465"]
[PlyCount "49"]
[EventDate "1995.??.??"]
[EventType "tourn"]
[EventRounds "11"]
[EventCountry "RUS"]
[EventCategory "10"]
[SourceTitle "CBM 049"]
[Source "ChessBase"]
[SourceDate "1995.12.01"]
[SourceVersion "1"]
[SourceVersionDate "1995.12.01"]
[SourceQuality "1"]

1. Nf3 d6 2. d4 Nf6 3. c4 g6 4. Nc3 Bg7 5. e4 0-0 6. Be2 e5 7. 0-0 Nc6 8. dxe5 dxe5 9. Bg5 Qxd1 10. Rfxd1 h6 11. Be3 b6 12. c5 Bb7 13. Nd5 Nxe4 14. Nxc7 Rab8 15. cxb6 axb6 16. Rac1 Nc5 17. Nd5 Nd4 18. Nxd4 Bxd5 19. Nf5 Bxa2 20. Ne7+ Kh7 21. b4 Ne4 22. Nc6 Rb7 23. Ba6 Rbb8 24. Nxb8 Rxb8 25. Bc4 1-0

[Event "Moscow5"]
[Site "Moscow"]
[Date "1995.??.??"]
[Round "1"]
[White "Ivanov, Victor L"]
[Black "Nesterov, Yakov"]
[Result "0-1"]
[WhiteElo "2460"]
[BlackElo "2470"]
[PlyCount "80"]
[EventDate "1995.??.??"]
[EventType "tourn"]
[EventRounds "11"]
[EventCountry "RUS"]
[EventCategory "10"]
[SourceTitle "CBM 049"]
[Source "ChessBase"]
[SourceDate "1995.12.01"]
[SourceVersion "1"]
[SourceVersionDate "1995.12.01"]
[SourceQuality "1"]

1. e4 Nc6 2. Nf3 d6 3. d4 Nf6 4. Nc3 Bg4 5. Be3 e6 6. h3 Bh5 7. d5 exd5 8. exd5 Ne5 9. g4 Bg6 10. Bb5+ Ned7 11. Qe2 Be7 12. 0-0-0 a6 13. Bd3 Bxd3 14. Rxd3 0-0 15. Nd4 Nc5 16. Rdd1 Re8 17. Nf5 Nfe4 18. Nxe4 Nxe4 19. h4 Qd7 20. Qf3 Bf6 21. g5 Be5 22. Bd4 Nc5 23. h5 Bxd4 24. Rxd4 Re5 25. Nxg7 Rxg5 26. h6 Qe7 27. Nh5 f5 28. Rdd1 Rf8 29. Rde1 Ne4 30. Qf4 Qf7 31. Rxe4 Rg4 32. Qf3 Rxe4 33. Qc3 Qg6 34. f3 Re7 35. Qc4 Qxh6+ 36. f4 Kf7 37. Ng3 Qg6 38. Qd3 Ke8 39. Rh5 Kd8 40. Rxf5 Rg8 0-1

[Event "Moscow5"]
[Site "Moscow"]
[Date "1995.??.??"]
[Round "5"]
[White "Nesterov, Yakov"]
[Black "Gorelov, Sergey G"]
[Result "1/2-1/2"]
[WhiteElo "2470"]
[BlackElo "2490"]
[PlyCount "31"]
[EventDate "1995.??.??"]
[EventType "tourn"]
[EventRounds "11"]
[EventCountry "RUS"]
[EventCategory "10"]
[SourceTitle "CBM 049"]
[Source "ChessBase"]
[SourceDate "1995.12.01"]
[SourceVersion "1"]
[SourceVersionDate "1995.12.01"]
[SourceQuality "1"]

1. Nf3 Nf6 2. c4 e6 3. Nc3 d5 4. d4 c6 5. Qb3 dxc4 6. Qxc4 b5 7. Qd3 b4 8. Ne4 Nxe4 9. Qxe4 Bb7 10. g3 Qb6 11. Be3 Nd7 12. Bg2 c5 13. Qh4 Be7 14. dxc5 Bxc5 15. Bxc5 Nxc5 16. 0-0 1/2-1/2

[Event "Tiraspol"]
[Site "Tiraspol"]
[Date "1994.??.??"]
[Round "5"]
[White "Arbakov, Valentin"]
[Black "Nesterov, Yakov"]
[Result "0-1"]
[WhiteElo "2575"]
[BlackElo "2460"]
[PlyCount "68"]
[EventDate "1994.??.??"]
[EventType "tourn"]
[EventRounds "9"]
[EventCountry "MDA"]
[EventCategory "10"]
[SourceTitle "CBM 040"]
[Source "ChessBase"]
[SourceDate "1994.06.01"]
[SourceVersion "1"]
[SourceVersionDate "1994.06.01"]
[SourceQuality "1"]

1. c4 g6 2. d4 Bg7 3. Nc3 c5 4. d5 Bxc3+ 5. bxc3 f5 6. e4 fxe4 7. h4 Nf6 8. h5 Rg8 9. hxg6 hxg6 10. Bg5 d6 11. Ne2 Nbd7 12. Ng3 Ne5 13. Bxf6 exf6 14. Nxe4 f5 15. Nd2 Qe7 16. Be2 f4 17. Ne4 Bf5 18. Rh7 Nf7 19. Qa4+ Kf8 20. f3 g5 21. Rh1 Bxe4 22. fxe4 Qxe4 23. 0-0-0 Qxe2 24. Rde1 Qd3 25. Qd7 Qxc3+ 26. Kb1 Rh8 27. Rxh8+ Qxh8 28. Re7 Qh1+ 29. Kb2 Qxg2+ 30. Ka3 Qf3+ 31. Ka4 b5+ 32. cxb5 Qxd5 33. a3 a5 34. bxa6 Qc4+ 0-1

[Event "Moscow B"]
[Site "Moscow"]
[Date "1994.??.??"]
[Round "7"]
[White "Nesterov, Yakov"]
[Black "Vesselovsky, Serguei"]
[Result "1/2-1/2"]
[WhiteElo "2460"]
[BlackElo "2455"]
[PlyCount "87"]
[EventDate "1994.??.??"]
[EventType "tourn"]
[EventRounds "11"]
[EventCountry "RUS"]
[EventCategory "7"]
[SourceTitle "CBM 041"]
[Source "ChessBase"]
[SourceDate "1994.08.01"]
[SourceVersion "1"]
[SourceVersionDate "1994.08.01"]
[SourceQuality "1"]

1. Nf3 c5 2. c4 g6 3. d4 Bg7 4. e4 Qa5+ 5. Bd2 Qb6 6. Bc3 cxd4 7. Bxd4 Bxd4 8. Qxd4 Qxd4 9. Nxd4 Nc6 10. Nb5 Rb8 11. N1c3 d6 12. 0-0-0 Nf6 13. Be2 0-0 14. Kb1 Bd7 15. Rd2 Rfc8 16. Rc1 Kf8 17. f4 a6 18. Na3 Nb4 19. h3 h5 20. b3 Rc5 21. Kb2 b5 22. cxb5 axb5 23. Nab1 Nc6 24. Bf3 Rc8 25. Ne2 Rxc1 26. Nxc1 Ke8 27. Nc3 Rb8 28. Nd5 Nxd5 29. exd5 Na7 30. g4 hxg4 31. hxg4 Kd8 32. Nd3 Kc7 33. Re2 Re8 34. Kc3 Nc8 35. Kd4 Rh8 36. g5 Rh3 37. Be4 Nb6 38. Nb4 Rh4 39. Rc2+ Kb7 40. Ke3 Rh3+ 41. Kd4 Rh4 42. Rf2 Na8 43. Nc2 Nc7 44. Nb4 1/2-1/2

[Event "Tiraspol"]
[Site "Tiraspol"]
[Date "1994.??.??"]
[Round "1"]
[White "Saltaev, Mihail"]
[Black "Nesterov, Yakov"]
[Result "0-1"]
[WhiteElo "2480"]
[BlackElo "2460"]
[PlyCount "64"]
[EventDate "1994.??.??"]
[EventType "tourn"]
[EventRounds "9"]
[EventCountry "MDA"]
[EventCategory "10"]
[SourceTitle "CBM 040"]
[Source "ChessBase"]
[SourceDate "1994.06.01"]
[SourceVersion "1"]
[SourceVersionDate "1994.06.01"]
[SourceQuality "1"]

1. e4 c5 2. Nf3 g6 3. d4 Bg7 4. Nc3 cxd4 5. Nxd4 Nc6 6. Nde2 Nf6 7. g3 b6 8. Bg2 Ba6 9. 0-0 Rc8 10. a4 0-0 11. Nb5 d6 12. Ra3 Nd7 13. c4 Bb7 14. b3 a6 15. Nbc3 Nc5 16. f4 Nb4 17. Bd2 e6 18. Be3 Re8 19. Bd4 e5 20. fxe5 dxe5 21. Bf2 Bf8 22. Ra1 Qxd1 23. Rfxd1 Nxb3 24. Rab1 Na5 25. Nd5 Nxd5 26. cxd5 Rc2 27. d6 Nc4 28. d7 Rd8 29. Rdc1 Rxc1+ 30. Rxc1 b5 31. axb5 axb5 32. Nc3 Bh6 0-1

[Event "Tiraspol"]
[Site "Tiraspol"]
[Date "1994.??.??"]
[Round "3"]
[White "Savon, Vladimir A"]
[Black "Nesterov, Yakov"]
[Result "1/2-1/2"]
[WhiteElo "2435"]
[BlackElo "2460"]
[PlyCount "100"]
[EventDate "1994.??.??"]
[EventType "tourn"]
[EventRounds "9"]
[EventCountry "MDA"]
[EventCategory "10"]
[SourceTitle "CBM 040"]
[Source "ChessBase"]
[SourceDate "1994.06.01"]
[SourceVersion "1"]
[SourceVersionDate "1994.06.01"]
[SourceQuality "1"]

1. d4 Nf6 2. c4 c6 3. Nc3 d5 4. Nf3 e6 5. e3 Nbd7 6. Qc2 Bd6 7. Be2 0-0 8. 0-0 b6 9. Rd1 Bb7 10. a3 c5 11. dxc5 bxc5 12. Rb1 Rc8 13. b4 Qe7 14. b5 Rfd8 15. a4 Nb6 16. cxd5 exd5 17. Bb2 Bb8 18. a5 Nbd7 19. Qf5 Nf8 20. a6 Ba8 21. Bd3 Qe8 22. Qh3 Bd6 23. Nh4 g6 24. Nf3 Rb8 25. Bf1 N8d7 26. Ng5 h5 27. Ne2 Bf8 28. Nf4 Bg7 29. Bc3 c4 30. Bd4 Ne5 31. Bxa7 Rxb5 32. Bd4 Neg4 33. Qg3 Bh6 34. h3 Bxg5 35. hxg4 hxg4 36. a7 Qd7 37. Rxb5 Qxb5 38. Nh3 Ne4 39. Qxg4 Bf6 40. Nf4 Bxd4 41. Rxd4 Qb6 42. Bxc4 Nf6 43. Qd1 Qxa7 44. Bxd5 Bxd5 45. Nxd5 Nxd5 46. Rxd5 Rxd5 47. Qxd5 Qa1+ 48. Kh2 Qe1 49. Qd8+ Kg7 50. Qd4+ Kg8 1/2-1/2

[Event "Asia-chT fin 10th"]
[Site "Kuala Lumpur"]
[Date "1993.06.??"]
[Round "3"]
[White "Vahidov, Tair"]
[Black "Nesterov, Yakov"]
[Result "0-1"]
[WhiteElo "2546"]
[BlackElo "2445"]
[PlyCount "114"]
[EventDate "1993.06.??"]
[EventType "team-tourn"]
[EventRounds "9"]
[EventCountry "MAS"]
[SourceTitle "EXT 1998"]
[Source "ChessBase"]
[SourceDate "1997.11.17"]
[SourceVersion "1"]
[SourceVersionDate "1997.11.17"]
[SourceQuality "1"]
[WhiteTeam "Uzbekistan"]
[BlackTeam "Kazakhstan"]
[WhiteTeamCountry "UZB"]
[BlackTeamCountry "KAZ"]

1. c4 g6 2. d4 Bg7 3. Nc3 d6 4. e4 e5 5. d5 f5 6. exf5 gxf5 7. Qh5+ Kf8 8. Nf3 Nf6 9. Qh4 Na6 10. Bh6 Rg8 11. g3 Bd7 12. Be2 Ng4 13. Bxg7+ Rxg7 14. h3 Qxh4 15. Nxh4 Nh6 16. 0-0-0 Ke7 17. Bd3 Nc5 18. Bc2 a5 19. Rde1 Kf6 20. b3 Rb8 21. Re3 b5 22. cxb5 Bxb5 23. f4 exf4 24. gxf4 Bd7 25. Nf3 Rb4 26. Ne2 a4 27. Kb2 axb3 28. axb3 Ng8 29. Ka3 Rb8 30. Nfd4 Ne7 31. Nc3 Rg2 32. Rhe1 Ng6 33. Rf3 Nh4 34. Rfe3 Rxc2 35. Nxc2 Rxb3+ 36. Ka2 Ng2 37. R1e2 Nxe3 38. Rxe3 Rb8 39. Ka3 Rb3+ 40. Ka2 Rb8 41. Ka3 Ra8+ 42. Kb4 Na4 43. Rd3 h5 44. Rg3 h4 45. Rd3 Rb8+ 46. Ka3 Nc5 47. Re3 Rb3+ 48. Ka2 Rb7 49. Ka3 Rb3+ 50. Ka2 Rb8 51. Ka3 Rg8 52. Kb4 Rg2 53. Ne1 Rb2+ 54. Ka3 Rb3+ 55. Ka2 Bb5 56. Ng2 Bc4 57. Ka1 Bd3 0-1

[Event "Warsaw op"]
[Site "Warsaw"]
[Date "1993.??.??"]
[Round "5"]
[White "Barskij, Vladimir"]
[Black "Nesterov, Yakov"]
[Result "1/2-1/2"]
[WhiteElo "2320"]
[BlackElo "2445"]
[PlyCount "81"]
[EventDate "1993.??.??"]
[EventType "swiss"]
[EventRounds "9"]
[EventCountry "POL"]
[SourceTitle "TD"]
[Source "ChessBase"]
[SourceDate "1994.03.01"]
[SourceVersion "1"]
[SourceVersionDate "1994.03.01"]
[SourceQuality "1"]

1. e4 c5 2. Nf3 g6 3. c4 Bg7 4. d4 Qa5+ 5. Nc3 d6 6. Be2 Bg4 7. dxc5 dxc5 8. 0-0 Nc6 9. Be3 Bxc3 10. bxc3 Nf6 11. Qc2 h6 12. h3 Be6 13. Nd2 Nd7 14. f4 f6 15. e5 Bf5 16. Bd3 fxe5 17. Bxf5 gxf5 18. Nb3 Qa4 19. Qxf5 Qxc4 20. fxe5 0-0-0 21. e6 Nf6 22. Nxc5 Rd5 23. Qf4 Rxc5 24. Bxc5 Qxc5+ 25. Kh1 h5 26. Rf3 Qd5 27. Qe3 Ng4 28. Qe2 Qd6 29. g3 Nge5 30. Re3 Qxe6 31. Kh2 Qf5 32. Rf1 Qg5 33. Rf4 Ng6 34. Rfe4 e5 35. h4 Qe7 36. Rf3 Qc5 37. Rf5 Nge7 38. Rfxe5 Nxe5 39. Rxe5 Nd5 40. c4 Rd8 41. cxd5 1/2-1/2

[Event "Warsaw op"]
[Site "Warsaw"]
[Date "1993.??.??"]
[Round "6"]
[White "Nesterov, Yakov"]
[Black "Adamski, Andrzej"]
[Result "1-0"]
[WhiteElo "2445"]
[BlackElo "2305"]
[PlyCount "68"]
[EventDate "1993.??.??"]
[EventType "swiss"]
[EventRounds "9"]
[EventCountry "POL"]
[SourceTitle "TD"]
[Source "ChessBase"]
[SourceDate "1994.03.01"]
[SourceVersion "1"]
[SourceVersionDate "1994.03.01"]
[SourceQuality "1"]

1. d4 Nf6 2. Bg5 g6 3. Bxf6 exf6 4. e3 f5 5. g3 Bg7 6. Bg2 0-0 7. Ne2 d6 8. 0-0 Nd7 9. c4 Nf6 10. Nbc3 h5 11. h4 Rb8 12. b4 Re8 13. b5 Bd7 14. a4 Ng4 15. Nf4 g5 16. hxg5 Qxg5 17. Qf3 Qh6 18. a5 a6 19. Rfb1 h4 20. Ncd5 Rbc8 21. bxa6 bxa6 22. Rb7 Bc6 23. Ra7 Kf8 24. Bh3 hxg3 25. Qxg3 Bxd5 26. cxd5 c5 27. dxc6 Rxc6 28. Bxg4 fxg4 29. Qxg4 d5 30. Kg2 Qh7 31. Rxf7+ Kxf7 32. Qd7+ Kf8 33. Qxc6 Qe4+ 34. Kg3 Rd8 1-0

[Event "Bishkek zt"]
[Site "Bishkek"]
[Date "1993.??.??"]
[Round "?"]
[White "Nesterov, Yakov"]
[Black "Kakageldyev, Amanmurad"]
[Result "0-1"]
[WhiteElo "2445"]
[BlackElo "2415"]
[PlyCount "60"]
[EventDate "1993.??.??"]
[EventType "tourn"]
[EventRounds "13"]
[EventCountry "KGZ"]
[EventCategory "7"]
[SourceTitle "CBM 035"]
[Source "ChessBase"]
[SourceDate "1993.08.01"]
[SourceVersion "1"]
[SourceVersionDate "1993.08.01"]
[SourceQuality "1"]

1. Nf3 g6 2. d4 Bg7 3. c4 d6 4. e4 Nf6 5. Nc3 0-0 6. Be2 e5 7. dxe5 dxe5 8. Qxd8 Rxd8 9. Bg5 Re8 10. Nd5 Nxd5 11. cxd5 c6 12. Bc4 cxd5 13. Bxd5 Nc6 14. Ke2 Be6 15. Bxe6 Rxe6 16. Rhd1 f5 17. Rd7 f4 18. Rad1 Bf8 19. Bd8 h6 20. R1d5 g5 21. h3 Bg7 22. Ba5 Rb8 23. Bc7 Rc8 24. Bd6 b6 25. Kd3 Bf6 26. b4 a5 27. a3 axb4 28. axb4 Ra8 29. Rb5 Ra7 30. Rxa7 Rxd6+ 0-1